[Event "Open A"]
[Site "Groningen NED"]
[Date "2009.12.23"]
[Round "3"]
[White "Hoeksema,E"]
[Black "Nabuurs,J"]
[Result "1-0"]
[WhiteElo "2331"]
[BlackElo "2191"]

1.c4 b6 2.Nf3 Bb7 3.d4 e6 4.g3 Bxf3 5.exf3 d5 6.cxd5 exd5 7.Nc3 c6 8.Bd3 Bd6
9.Be3 Ne7 10.Qc2 Nd7 11.h4 h6 12.h5 a6 13.Rd1 Qc7 14.Qe2 Qb7 15.g4 c5 16.f4 c4
17.Bb1 O-O-O 18.g5 Rde8 19.Qg4 Bb4 20.Kf1 Bxc3 21.bxc3 Qc6 22.Bc2 Rhg8 23.Rg1 Kb7
24.a4 Ref8 25.Bc1 f5 26.Qh3 Qd6 27.Re1 g6 28.Rg3 hxg5 29.fxg5 gxh5 30.Rge3 Nc6
31.Re6 Qc7 32.Bxf5 Rg7 33.g6 Rxf5 34.Qxf5 Qh2 35.Qxd5 Nb8 36.Qg2  1-0

[Event "18th Donau Open"]
[Site "Aschach AUT"]
[Date "2009.12.28"]
[Round "4"]
[White "Horvath,Jo1"]
[Black "Sadilek,M"]
[Result "1-0"]
[WhiteElo "2557"]
[BlackElo "2207"]

1.c4 b6 2.Nf3 Bb7 3.g3 Bxf3 4.exf3 c5 5.d4 cxd4 6.Qxd4 Nc6 7.Qd2 e6 8.Bg2 Bb4
9.Nc3 Qf6 10.O-O Nge7 11.Ne4 Qe5 12.Qd1 O-O 13.f4 Qc7 14.a3 Bc5 15.Nxc5 bxc5
16.Be3 d6 17.b4 Rad8 18.b5 Na5 19.Qa4 d5 20.cxd5 exd5 21.Bxc5 Qxc5 22.Qxa5 Nc6
23.Qa4 Nd4 24.Rab1 Ne2+ 25.Kh1 Nc3 26.Qb4 Qxb4 27.Rxb4 d4 28.Bf3 Rfe8 29.Kg2 d3
30.Rb3 Na4 31.Rb4 Nc3 32.Rb3 Na4 33.Rd1 d2 34.Kf1 g6 35.Be2 Kg7 36.f3 h5
37.Kf2 Rd4 38.Rd3 Rxd3 39.Bxd3 Rd8 40.Rxd2 Nc3 41.Ke3 Nd5+ 42.Kd4 Nxf4+ 43.Kc4 Ne6
44.Kc3 Ng5 45.Be2 Re8 46.a4 Re3+ 47.Kb4 Nxf3 48.Bxf3 Rxf3 49.Rd7 Rf2 50.h4 Rf3
51.Rxa7 Rxg3 52.Rc7 g5 53.b6 gxh4 54.b7 Rg1 55.Rc3 Rg4+ 56.Ka3 Rg1 57.b8=Q Ra1+
58.Kb4 Rb1+ 59.Rb3  1-0

[Event "ch-AUS"]
[Site "Sydney AUS"]
[Date "2010.01.03"]
[Round "2"]
[White "Ikeda,J"]
[Black "Wohl,A"]
[Result "1-0"]
[WhiteElo "2275"]
[BlackElo "2458"]

1.c4 b6 2.Nf3 Bb7 3.d4 e6 4.a3 g6 5.d5 Bg7 6.Nc3 Ne7 7.e4 Na6 8.h4 h6 9.g3 Nc5
10.g4 d6 11.Be3 Qd7 12.Nd4 e5 13.Nde2 Qxg4 14.b4 Nxe4 15.Nxe4 Nxd5 16.cxd5 Qxe4
17.Ng3 Qxd5 18.Qxd5 Bxd5 19.Rg1 h5 20.Rc1 O-O-O 21.Ne2 Kb8 22.Bg5 f6 23.Be3 Bf7
24.f4 Bh6 25.Kf2 d5 26.fxe5 Bxe3+ 27.Kxe3 fxe5 28.Rg5 Rhe8 29.Bg2 Rd6 30.Kd2 Rf6
31.b5 Kc8 32.Rc6 Rd6 33.Nc3 Kd7 34.Bh3+ Be6 35.Rxd6+ cxd6 36.Bxe6+ Kxe6 37.Rxg6+ Kf5
38.Rg5+ Ke6 39.Rxh5 d4 40.Ne4 Rd8 41.Rh6+ Kd5 42.Kd3  1-0

[Event "15th Open"]
[Site "Bosnjaci CRO"]
[Date "2010.01.07"]
[Round "7"]
[White "Kovacevic,Bl"]
[Black "Zaja,I"]
[Result "1/2-1/2"]
[WhiteElo "2447"]
[BlackElo "2471"]

1.c4 b6 2.d4 e6 3.a3 Bb7 4.Nc3 f5 5.Nh3 Nf6 6.f3 Nc6 7.e3 a5 8.Be2 Bd6 9.O-O O-O
10.Nb5 Qe7 11.Bd2 Ba6 12.Nxd6 Qxd6 13.Bc3 Qe7 14.Re1 d5 15.cxd5 Bxe2 16.Rxe2 Nxd5
17.Qa4 Qd6 18.Be1 f4 19.Rc1 Nd8 20.e4 Ne7 21.Rec2 c6 22.Qc4 h6 23.a4 Nb7
24.Nf2 Rad8 25.b4 Rf7 26.bxa5 Nxa5 27.Bxa5 bxa5 28.Qc5 Rff8 29.Rb1 Qxc5 30.Rxc5 Rb8
31.Rxb8 Rxb8 32.Nd3 Ng6 33.h4 Rb3 34.h5 Rxd3 35.hxg6 Kf8 36.Rxc6 Ke7 37.e5 Rxd4
38.Ra6 Rd5 39.Ra7+ Ke8 40.Rxg7 Rxe5 41.Ra7 Kf8 42.Rf7+ Kg8 43.Kf2 Rg5 44.Rf6 Re5
45.Rxf4 Kg7 46.Rf7+  1/2-1/2

[Event "ch-BUL S/F Men"]
[Site "Plovdiv BUL"]
[Date "2010.01.25"]
[Round "3"]
[White "Milchev,N"]
[Black "Badev,K"]
[Result "1/2-1/2"]
[WhiteElo "2382"]
[BlackElo "2369"]

1.c4 b6 2.Nf3 Bb7 3.g3 Nf6 4.Bg2 e6 5.O-O Be7 6.d4 O-O 7.Nc3 Ne4 8.Nxe4 Bxe4
9.Ne1 Bxg2 10.Nxg2 d5 11.Qc2 dxc4 12.Qxc4 c5 13.dxc5 Bxc5 14.Be3 Bxe3 15.Nxe3 Nd7
16.Rfd1 Rc8 17.Qa4 Rc7 18.Rac1 Rxc1 19.Rxc1 Nc5 20.Qd1 h6 21.b4 Qxd1+ 22.Rxd1 Ne4
23.Rd7 Ra8 24.a3 a5 25.bxa5 Rxa5 26.Rd3 Nc5 27.Rc3 Ne4 28.Rd3 Nc5 29.Rc3 Ne4
30.Rd3 Nc5  1/2-1/2

[Event "2nd Chennai Open"]
[Site "Chennai IND"]
[Date "2010.01.29"]
[Round "6"]
[White "Suresh,KT"]
[Black "Saptarshi,R"]
[Result "0-1"]
[WhiteElo "2229"]
[BlackElo "2407"]

1.c4 b6 2.Nf3 Bb7 3.g3 e6 4.Bg2 g6 5.Nc3 Bg7 6.O-O Ne7 7.d4 O-O 8.d5 Na6
9.e4 exd5 10.cxd5 Nc5 11.Re1 Ba6 12.Bf1 Bxf1 13.Kxf1 d6 14.Be3 f5 15.Bd4 fxe4
16.Bxg7 Kxg7 17.Nxe4 Nxe4 18.Rxe4 Qd7 19.Ng5 Rf6 20.Qe2 Nxd5 21.Ne6+ Kg8
22.g4 Rf7 23.Re1 Nf6 24.Re3 Re8 25.Ng5 Rxe3 26.Qxe3 Nxg4 27.Qe8+ Qxe8 28.Rxe8+ Rf8
29.Rxf8+ Kxf8 30.h3 Ne5 31.Ne6+ Ke7 32.Nxc7 Nd3 33.b3 Kd7 34.Nb5 a6 35.Nd4 d5
36.Kg2 Nf4+ 37.Kg3 Ne6 38.Nc2 Kd6 39.Kf3 Ke5 40.Ke3 d4+ 41.Kd3 Nf4+ 42.Kc4 b5+
43.Kb4 d3 44.Ne3 Nd5+  0-1

[Event "2nd Chennai Open"]
[Site "Chennai IND"]
[Date "2010.02.01"]
[Round "9"]
[White "Koshy,V"]
[Black "Roy Chowdhury,S"]
[Result "1/2-1/2"]
[WhiteElo "2281"]
[BlackElo "2413"]

1.c4 b6 2.Nc3 Bb7 3.e4 c5 4.Nf3 Nc6 5.d4 cxd4 6.Nxd4 g6 7.Be2 Bg7 8.Be3 Nf6
9.O-O O-O 10.f3 Qb8 11.Qd2 Rd8 12.Ndb5 d6 13.Nd5 Ne8 14.Nd4 Rd7 15.Nxc6 Bxc6
16.Bd4 e6 17.Bxg7 Kxg7 18.Qc3+ Kg8 19.Nf6+ Nxf6 20.Qxf6 Qf8 21.Bd3 Qg7 22.Qxg7+ Kxg7
23.Rac1 f5 24.g3 Kf6 25.Kf2 fxe4 26.fxe4 Ke5 27.Ke3 Rc8 28.Rc2 Rdc7  1/2-1/2

[Event "TCh-FIN 2009-10"]
[Site "Finland FIN"]
[Date "2010.02.13"]
[Round "6"]
[White "Niemi,M"]
[Black "Maki,V"]
[Result "1/2-1/2"]
[WhiteElo "2238"]
[BlackElo "2417"]

1.c4 b6 2.d4 Bb7 3.Nc3 e6 4.e4 Bb4 5.Bd3 f5 6.Qh5+ g6 7.Qe2 Nf6 8.f3 fxe4
9.fxe4 Bxc3+ 10.bxc3 Nxe4 11.Nf3 Nxc3 12.Qe5 O-O 13.Bh6 Qf6 14.Bxf8 Qxe5+
15.Nxe5 Kxf8 16.O-O+ Kg8 17.Rf7 d6 18.Rxc7 dxe5 19.Rxb7 e4 20.Rc1 Nxa2 21.Ra1 exd3
22.Rxa2 Nc6 23.Rd7 a5 24.Kf2 Nb4 25.Rb2 Nc2 26.Rxb6 Rf8+ 27.Kg3 Rf7 28.Rb8+ Kg7
29.Rxf7+ Kxf7 30.Kf3 a4 31.Ra8 a3 32.Ra6 Ke7 33.g3 Kd7 34.h3 Kc7 35.Kf2 Kb7
36.Ra4 Kb6 37.g4 g5 38.Kf3 h6 39.Kf2 Kb7 40.Kf3 Kc6 41.Ra6+ Kb7 42.Ra4 Kb6  1/2-1/2

[Event "Open"]
[Site "Novy Bor CZE"]
[Date "2010.02.16"]
[Round "5"]
[White "Marie,M"]
[Black "Bores,R"]
[Result "1-0"]
[WhiteElo "2247"]
[BlackElo "2185"]

1.c4 b6 2.Nc3 Bb7 3.e4 e6 4.g3 f5 5.Bg2 Nf6 6.d3 Bb4 7.Ne2 fxe4 8.O-O O-O
9.Bg5 Be7 10.dxe4 e5 11.Qd2 Nc6 12.Rad1 d6 13.f4 h6 14.Bxf6 Bxf6 15.Nd5 a5
16.Bh3 Nb4 17.Nxb4 axb4 18.Qxb4 c5 19.Qd2 exf4 20.Be6+ Kh8 21.Nxf4 Bd4+ 22.Qxd4 Rxf4
23.Qxd6 Rxf1+ 24.Kxf1 Qxd6 25.Rxd6 Bxe4 26.a3 Rb8 27.b4 cxb4 28.axb4 g5 29.Kf2 Kg7
30.Ke3 Bg6 31.Kd4 h5 32.Ke5 b5 33.Rd7+ Kh6 34.c5 Ra8 35.c6 Ra1 36.Rd5 Re1+
37.Kd6 Be4 38.c7 Bxd5 39.Bxd5  1-0

[Event "XIII Open"]
[Site "Malaga ESP"]
[Date "2010.02.24"]
[Round "6"]
[White "Escofet Llongueras,J"]
[Black "Ramos Moreno,F"]
[Result "0-1"]
[WhiteElo "1868"]
[BlackElo "2132"]

1.c4 b6 2.Nc3 Bb7 3.d4 e6 4.e4 Bb4 5.f3 Bxc3+ 6.bxc3 Qh4+ 7.g3 Qh5 8.Bg2 f5
9.exf5 Qxf5 10.Nh3 Ne7 11.O-O O-O 12.f4 Bxg2 13.Kxg2 Nbc6 14.Nf2 Na5 15.Qe2 Rae8
16.Bd2 Nc8 17.Ne4 Nxc4 18.Qxc4 Qxe4+ 19.Rf3 Qb7 20.Rf1 Nd6 21.Qa4 Rf7 22.c4 Nf5
23.c5 Qd5 24.cxb6 axb6  0-1

[Event "ch-VIE"]
[Site "Ho Chi Minh City VIE"]
[Date "2010.03.31"]
[Round "9"]
[White "Nguyen Thanh Son"]
[Black "Duong The Anh"]
[Result "1-0"]
[WhiteElo "2440"]
[BlackElo "2425"]

1.c4 b6 2.Nc3 Bb7 3.Nf3 e6 4.d4 Bb4 5.Qc2 f5 6.a3 Bxc3+ 7.Qxc3 Nf6 8.b4 Ne4
9.Qc2 O-O 10.Bb2 d6 11.e3 Nd7 12.O-O-O Qe7 13.d5 e5 14.Bd3 c6 15.dxc6 Bxc6
16.Ne1 a5 17.b5 Bb7 18.f3 Nec5 19.Bxf5 Nf6 20.Nd3 Nxd3+ 21.Qxd3 Rad8 22.e4 Qf7
23.Kb1 g6 24.Bh3 Kg7 25.Rd2 Nh5 26.Qe3 Qc7 27.Rhd1 Rfe8 28.g3 Kg8 29.Bf1 Ng7
30.h4 Ne6 31.h5 g5 32.h6 Kf7 33.Bh3 Rg8 34.Bxe6+ Kxe6 35.f4 Qc5 36.Qxc5 Bxe4+
37.Ka1 bxc5 38.fxe5 d5 39.cxd5+ Rxd5 40.Rxd5 Bxd5 41.Rf1 Be4 42.Rd1 Kf5 43.Bc3 a4
44.Rd6 Kg4 45.Be1 Re8 46.e6 Bf5 47.b6 Bxe6 48.Bf2 Bf5 49.Bxc5 Re1+ 50.Kb2 Kxg3
51.Rd5 Rb1+ 52.Kc3 Rb3+ 53.Kd2 Rb2+ 54.Kc1 Rb1+ 55.Kd2 Rb2+ 56.Ke3 Rb3+ 57.Kd4 Rd3+
58.Ke5 Rxd5+ 59.Kxd5 Kf4 60.Kc4 Be4 61.Kb4 Ke5 62.Kxa4 Bb7 63.Kb5 Kd5 64.Bg1 Kd6
65.a4 Be4 66.Ka6 Bd3+ 67.Ka7 Be4 68.a5 g4 69.a6 g3 70.b7 Bxb7 71.Kxb7 Ke5
72.a7 Kf5 73.a8=Q  1-0

[Event "Doeberl Cup"]
[Site "Canberra AUS"]
[Date "2010.04.04"]
[Round "7"]
[White "Li Chao2"]
[Black "Panchanathan,M"]
[Result "1-0"]
[WhiteElo "2613"]
[BlackElo "2543"]

1.c4 b6 2.e4 Bb7 3.Nc3 e5 4.Nf3 Nf6 5.Nxe5 Qe7 6.d4 Nxe4 7.Be3 Nxc3 8.bxc3 d6
9.Nf3 g6 10.Be2 Bg7 11.O-O O-O 12.Re1 Nc6 13.Nd2 Qd7 14.Qa4 Rfe8 15.Bf1 Qf5
16.Rab1 Na5 17.Nb3 Bc6 18.Qa3 Nxb3 19.axb3 a5 20.Qb2 a4 21.bxa4 Rxa4 22.Ra1 Rxa1
23.Rxa1 h5 24.Ra7 Re7 25.h3 Kh7 26.Qd2 Bf6 27.Ra1 Kg7 28.Re1 Bb7 29.Bd3 Be4
30.Bh6+ Kh7 31.Bf1 Bb7 32.Be3 Qa5 33.Rc1 Be4 34.Qb2 Re8 35.Ra1 Qf5 36.Ra7 Re7
37.Qd2 Bb1 38.Be2 Qc2 39.Qxc2 Bxc2 40.g4 hxg4 41.hxg4 g5 42.Kf1 Kg6 43.Ke1 Be4
44.Kd2 Kh7 45.f3 Bc6 46.Bd3+ Kg7 47.d5 Be8 48.Bd4 Rd7 49.Bf5 Re7 50.Bd3 Rd7
51.Rb7 Re7 52.Bc2 Bxd4 53.cxd4 Kf8 54.Be4 f6 55.Kc3 Kf7 56.Kb3 Kf8 57.Kb4 Kf7
58.Rb8 Kg7 59.Rc8 Kf7 60.Bf5 Kg7 61.Bc2 Kh6 62.Be4 Kg7 63.Ra8 Kf7 64.Ra1 Kg7
65.Rh1 Bg6 66.Bxg6 Kxg6 67.Kb5 Re3 68.Rc1 Rxf3 69.Kc6 Rf4 70.Kxc7 Rxg4 71.Kxb6 Rxd4
72.Kc6 Kf5 73.Kxd6 g4 74.c5 Ke4 75.Re1+ Kf3 76.c6 g3 77.Rc1 Rg4 78.c7 Rg8
79.c8=Q Rxc8 80.Rxc8 f5 81.Ke5 f4 82.Rg8  1-0

[Event "9th Open"]
[Site "Weiz AUT"]
[Date "2010.04.17"]
[Round "3"]
[White "Raith,H"]
[Black "Horvath,Re"]
[Result "0-1"]
[WhiteElo "2103"]
[BlackElo "1948"]

1.c4 b6 2.Nc3 Bb7 3.d4 e6 4.Nf3 Bb4 5.Bd2 f5 6.Qb3 Bxc3 7.Bxc3 Nf6 8.Nd2 O-O
9.f3 d6 10.O-O-O a5 11.e3 Na6 12.a3 Qd7 13.Qc2 d5 14.Rg1 dxc4 15.Nxc4 Nd5
16.Bd2 c5 17.e4 fxe4 18.fxe4 cxd4 19.exd5 exd5 20.Nxb6 Qd6 21.Bxa5 Rac8 22.Nxc8 Rxc8
23.Bc3 dxc3 24.b4 d4 25.Bd3 Nxb4 26.axb4 Ra8 27.Qb3+ Bd5 28.Bc4 Qf4+ 29.Kb1 Qf5+
30.Rd3 Qxd3+ 31.Bxd3 Bxb3 32.Re1 Ra2 33.Re2 Rxe2 34.Bxe2 Bd5 35.Kc2 Be4+
36.Bd3 Bxd3+ 37.Kxd3 Kf7  0-1

[Event "TCh-UKR Clubs"]
[Site "Alushta UKR"]
[Date "2010.05.18"]
[Round "8"]
[White "Kijajkin,P"]
[Black "Trjapishko,A"]
[Result "1/2-1/2"]
[WhiteElo "2120"]
[BlackElo "1877"]

1.c4 b6 2.Nc3 Bb7 3.e4 e6 4.Nf3 Bb4 5.Bd3 Na6 6.Bc2 Ne7 7.O-O Bxc3 8.dxc3 O-O
9.Re1 f5 10.b4 Qe8 11.Bg5 f4 12.Ba4 c6 13.Bxe7 Qxe7 14.e5 Rad8 15.Qd6 Qf7
16.c5 h6 17.Nd2 Rc8 18.Bc2 Nc7 19.c4 b5 20.Qd3 g5 21.Rad1 bxc4 22.Qh3 Qg7
23.Nxc4 Nd5 24.a3 Ra8 25.Nd6 Rfb8 26.Nc4 Ba6 27.Na5 Rf8 28.Be4 Rae8 29.Qb3 Kh8
30.a4 g4 31.Bxd5 exd5 32.e6 dxe6 33.Nxc6 Bc4 34.Qa3 e5 35.Qc3 Rf5 36.Na5 g3
37.fxg3 fxg3 38.Nxc4 gxh2+ 39.Kh1 Rf2 40.Qh3 dxc4 41.Rd7 Qg5 42.Kxh2 Rg8
43.Rg1 c3 44.Rd6 h5 45.Rd3 Rf4 46.g4 Rf2+ 47.Kh1 c2 48.Rc3 e4 49.c6 e3 50.Qxh5+ Qxh5+
51.gxh5 Rc8 52.Rxe3 Rxc6 53.Rc1 Rd6 54.Kg1 Rfd2 55.Ree1 Rd1 56.Kf2 R6d2+
57.Ke3 Rd3+ 58.Kf2 R3d2+ 59.Ke3 Rd7 60.Kf2 Rf7+ 61.Kg2  1/2-1/2

[Event "Royal Residence Cup"]
[Site "Zhovkva UKR"]
[Date "2010.06.08"]
[Round "1"]
[White "Semcesen,D"]
[Black "Paci,C"]
[Result "0-1"]
[WhiteElo "2440"]
[BlackElo "2352"]

1.c4 b6 2.Nc3 Bb7 3.e4 e6 4.Nf3 Bb4 5.Bd3 Ne7 6.O-O O-O 7.Ne2 f5 8.Ng3 fxe4
9.Bxe4 Bxe4 10.Nxe4 Nf5 11.d4 Bd6 12.d5 Qe8 13.Re1 Qg6 14.dxe6 dxe6 15.Neg5 Nd7
16.Rxe6 Qh5 17.h3 Nf6 18.Bd2 Rad8 19.Qc2 Nh4 20.Nxh4 Qxh4 21.Nf3 Qh5 22.Bg5 Rde8
23.Rxe8 Nxe8 24.Qe4 Rxf3 25.Qxf3 Qxg5 26.Re1 Nf6 27.g3 h5 28.h4 Qd2 29.Qe2 Qd4
30.Kg2 Kh8 31.b3 Qc5 32.Qf3 a5 33.Qd3 Qc6+ 34.Qf3 Qc5 35.Qd3 Qc6+ 36.Qf3 Qd7
37.Re2 a4 38.Qa8+ Kh7 39.Qxa4 Qg4 40.Re3 Bc5 41.Rf3 Qe4 42.b4 Bxf2 43.Qb5 c5
44.bxc5 Bxc5 45.Qb3 Ng4 46.Kh3 Ne3 47.Rxe3 Qh1+  0-1

[Event "14th Master Open"]
[Site "Voronezh RUS"]
[Date "2010.06.13"]
[Round "2"]
[White "Popov,Val"]
[Black "Inants,A"]
[Result "1-0"]
[WhiteElo "2592"]
[BlackElo "2259"]

1.c4 b6 2.Nf3 Bb7 3.Nc3 c5 4.d4 cxd4 5.Nxd4 Nf6 6.Bg5 Ne4 7.Nxe4 Bxe4 8.Nb5 d6
9.Qd2 f6 10.Bh4 Kf7 11.Rd1 a6 12.Nc3 Bc6 13.e4 Nd7 14.Be2 Nc5 15.f3 a5 16.O-O g6
17.e5 fxe5 18.f4 Bh6 19.fxe5+ Kg7 20.Qd4 Ne6 21.Qg4 Qd7 22.exd6 Be3+ 23.Kh1 g5
24.Nd5 Bxd5 25.cxd5 Nc5 26.Qg3 Qxd6 27.Qxe3  1-0

[Event "14th FIDE Open"]
[Site "Voronezh RUS"]
[Date "2010.06.15"]
[Round "4"]
[White "Butneva,L"]
[Black "Voronin,M"]
[Result "0-1"]
[WhiteElo "1876"]
[BlackElo "1986"]

1.c4 b6 2.Nc3 e6 3.e4 Bb7 4.a3 Ne7 5.d4 f5 6.e5 Ng6 7.Nf3 Be7 8.d5 exd5 9.cxd5 O-O
10.Bd3 Na6 11.b4 Nxb4 12.Bc4 Kh8 13.axb4 Bxb4 14.Bd2 Re8 15.e6 Qf6 16.Qb3 dxe6
17.O-O Bd6 18.Bg5 Qf8 19.dxe6 Bxf3 20.gxf3 Ne5 21.Be2 h6 22.Be3 Qf6 23.f4 Ng6
24.Bh5 Rxe6 25.Bxg6 Qxg6+ 26.Kh1 Qe8 27.Rg1 Qc6+ 28.Nd5 Re4 29.Rg2 a5 30.Rc1 Qd7
31.Rcg1 a4 32.Qc3 Be5 33.fxe5 Qxd5 34.Qxc7 Rg8 35.Qxb6 Rg4 36.Qb1 a3 37.Qxf5 Rxg2
38.Rxg2 a2 39.f3 a1=Q+ 40.Rg1 Qaxe5 41.Qxe5 Qxe5  0-1

[Event "ch-SWE"]
[Site "Lund SWE"]
[Date "2010.07.05"]
[Round "3"]
[White "Semcesen,D"]
[Black "Tikkanen,H"]
[Result "0-1"]
[WhiteElo "2420"]
[BlackElo "2469"]

1.c4 b6 2.Nf3 Bb7 3.g3 Bxf3 4.exf3 c5 5.d4 Nc6 6.d5 Nd4 7.Be3 Nf5 8.Bf4 e6
9.Bd3 Bd6 10.Bd2 Be5 11.Nc3 Nge7 12.f4 Bd4 13.Qf3 Nd6 14.O-O O-O 15.Rfe1 Rb8
16.a4 a6 17.Rab1 g6 18.h4 h5 19.Ne2 Bf6 20.g4 hxg4 21.Qxg4 Nef5 22.h5 Kg7
23.hxg6 Rg8 24.Ng3 Kf8 25.Kf1 Rxg6 26.Qf3 Bd4 27.Nxf5 exf5 28.Bc3 Qh4 29.Bxd4 cxd4
30.Ke2 Re8+ 31.Kd2 Ne4+ 32.Kc2 Qg4 33.Qxg4 Rxg4 34.f3 Rg2+ 35.Re2 Rxe2+ 36.Bxe2 Nc5
37.Bd3 Re3 38.Bxf5 Rxf3 39.b4 Rf2+ 40.Kc1 Nxa4 41.Rb3 d6 42.Ra3 b5 43.Bd7 Nc3
44.c5 dxc5 45.bxc5 b4 46.Rxa6 b3 47.Ra8+ Kg7 48.Bf5 b2+  0-1

[Event "Open"]
[Site "Antakya TUR"]
[Date "2010.07.17"]
[Round "4"]
[White "Bagaturov,G"]
[Black "Yagiz,Y"]
[Result "1-0"]
[WhiteElo "2447"]
[BlackElo "2261"]

1.c4 b6 2.d4 e6 3.Nc3 Bb7 4.a3 f5 5.d5 Nf6 6.g3 Na6 7.Bg2 Nc5 8.Qc2 c6 9.dxe6 dxe6
10.Nh3 Bd6 11.O-O O-O 12.b4 Ncd7 13.Nb5 Be5 14.Bb2 Qc8 15.Bxe5 cxb5 16.Bxb7 Qxb7
17.Bxf6 Rxf6 18.cxb5 Rh6 19.Ng5 Ne5 20.Rac1 Rg6 21.Qc3 Ng4 22.Qc6 Qb8 23.Nxe6 f4
24.Rc3 fxg3 25.hxg3 Qe8 26.Qd5 Nf6 27.Qb3 Qf7 28.Rc7 Nd7 29.Rd1 Rf8 30.Nd4 Qxb3
31.Nxb3 Ne5 32.Rd4 Ng4 33.f3 Ne3 34.Kf2 Nf5 35.Rf4 Nxg3 36.Rxf8+ Kxf8 37.Nd4 h5
38.Rc6 Nh1+ 39.Kf1 Rg3 40.Rc7 g6 41.Rxa7 Kg8 42.Re7 Rg5 43.Ne6 Rg3 44.Nf4 h4
45.Re6 Kg7 46.Rxb6 h3 47.Rxg6+ Rxg6 48.Nxg6 Kxg6 49.Kg1 Ng3 50.Kh2 Nxe2 51.b6 Nd4
52.b7 Nc6 53.b5 Nb8 54.a4  1-0

[Event "2nd Artemis Cup"]
[Site "Leros GRE"]
[Date "2010.07.17"]
[Round "6"]
[White "Frank Nielsen,M"]
[Black "Mastrovasilis,A"]
[Result "0-1"]
[WhiteElo "2018"]
[BlackElo "2539"]

1.c4 b6 2.Nf3 Bb7 3.Nc3 Nf6 4.d4 e6 5.g3 Bb4 6.a3 Bxc3+ 7.bxc3 Nc6 8.Bg2 Na5
9.c5 d6 10.cxb6 cxb6 11.O-O Rc8 12.Bd2 O-O 13.Rc1 Qd7 14.Be1 Rc7 15.Nd2 Bxg2
16.Kxg2 Rfc8 17.Nb1 Qb5 18.Qd3 Qc4 19.Qf3 d5 20.h4 Ne4 21.h5 h6 22.Qg4 Qa2
23.Rd1 Nc4 24.Rh1 Qc2  0-1

[Event "XIX ch-Macedonia Open"]
[Site "Struga MKD"]
[Date "2010.07.22"]
[Round "6"]
[White "Koteski,D"]
[Black "Glavinac,G"]
[Result "1-0"]
[WhiteElo "2261"]
[BlackElo "2168"]

1.c4 b6 2.Nc3 Bb7 3.d4 e6 4.e3 d5 5.Nf3 Nf6 6.Bd3 Bd6 7.O-O O-O 8.b3 a6 9.Bb2 Nc6
10.Rc1 Qe7 11.Re1 dxc4 12.bxc4 e5 13.Nd5 Nxd5 14.cxd5 e4 15.dxc6 Bc8 16.Be2 exf3
17.Bxf3 Bf5 18.e4 Bg6 19.g3 Bb4 20.Re3 f6 21.Bg2 Rfe8 22.a3 Bd6 23.f4 b5
24.e5 fxe5 25.fxe5 Qg5 26.Qe2 b4 27.h4 Qh6 28.a4 Bf8 29.Bh3 Bh5 30.Qd2 Bf7
31.d5 Kh8 32.Rd3 Qh5 33.Qf4 Bg6 34.Bg4 Qh6 35.Qxh6 gxh6 36.Rd2 h5 37.Bd7 Bh6
38.Rcd1 Bxd2 39.Rxd2 Kg8 40.d6 Rf8 41.dxc7 Kf7 42.Rf2+  1-0

[Event "Tch-POR 1st Div Final"]
[Site "Vila Nova de Gaia POR"]
[Date "2010.07.26"]
[Round "3.2"]
[White "Andrade,Jo"]
[Black "Vasques,A"]
[Result "1/2-1/2"]
[WhiteElo "2268"]
[BlackElo "2110"]

1.c4 b6 2.Nc3 Bb7 3.e4 e6 4.d4 Bb4 5.Qc2 c5 6.d5 d6 7.Bd3 e5 8.Ne2 h6 9.O-O Bxc3
10.Qxc3 Nf6 11.f4 Nbd7 12.Ng3 g6 13.a3 Qe7 14.Bc2 O-O-O 15.b4 exf4 16.Bxf4 Ng4
17.Ba4 Nge5 18.Bxd7+ Nxd7 19.bxc5 bxc5 20.Qa5 Kb8 21.Rab1 f6 22.Qb5 Ne5 23.Bxe5 fxe5
24.Rf6 Rhg8 25.a4 Ka8 26.Re6 Qc7 27.a5 Rb8 28.Qa4 Ba6 29.Rxb8+ Kxb8 30.Nf1 Rf8  1/2-1/2

[Event "ch-AUT"]
[Site "Vienna AUT"]
[Date "2010.07.28"]
[Round "5"]
[White "Riedner,M"]
[Black "Titz,Hei"]
[Result "1-0"]
[WhiteElo "2170"]
[BlackElo "2243"]

1.c4 b6 2.Nc3 Bb7 3.e4 e6 4.Nf3 c5 5.d4 cxd4 6.Nxd4 Nf6 7.e5 Ne4 8.Nxe4 Bxe4
9.Nb5 Nc6 10.Bf4 Bb4+ 11.Bd2 Be7 12.Bc3 O-O 13.Bd3 Bxd3 14.Qxd3 a6 15.Nd6 Bxd6
16.exd6 Qg5 17.O-O b5 18.b3 Qc5 19.Rfe1 bxc4 20.bxc4 Rab8 21.Re4 f5 22.Ree1 Rb7
23.h4 f4 24.Re4 Rf5 25.g4 fxg3 26.Qxg3 e5 27.Rd1 Rb8 28.Rd5 Qa3 29.Bxe5 Qc1+
30.Kg2 Rf7 31.Bc3 Rbf8 32.Rd2 Nd8 33.Re7 Ne6 34.Rxe6 dxe6 35.c5 Qb1 36.Kh2 Qb7
37.Qg2 Rf3 38.d7 Qc7+ 39.Kg1 R3f7 40.c6 Qb6 41.Bd4 Qb1+ 42.Kh2 Qb4 43.f4 Qe7
44.Be5 Rxf4 45.Qxg7+ Qxg7 46.Bxg7 Kxg7 47.c7 Rxh4+ 48.Kg1 Rh8  1-0

[Event "e2e4 Autumn Challengers F"]
[Site "Uxbridge ENG"]
[Date "2010.08.13"]
[Round "4"]
[White "Tozer,Philip"]
[Black "Millward,K"]
[Result "1-0"]
[WhiteElo "2113"]
[BlackElo "1969"]

1.c4 b6 2.Nc3 Bb7 3.e4 e6 4.Nge2 c5 5.g3 Nc6 6.Bg2 g6 7.d4 cxd4 8.Nxd4 a6
9.Be3 Bg7 10.O-O Nge7 11.Na4 Nc8 12.f4 Bxd4 13.Bxd4 Nxd4 14.Qxd4 O-O 15.f5 exf5
16.exf5 Bxg2 17.Kxg2 Qc7 18.Nc3 Qc5 19.Qxc5 bxc5 20.Rad1 Nb6 21.b3 Rfe8 22.Rd6 Re3
23.Rf3 Rxf3 24.Kxf3 Rb8 25.Ne4 gxf5 26.Nxc5 Nxc4 27.bxc4 Rc8 28.Nxd7 Rxc4
29.Rxa6 Rc2 30.h4 Kg7 31.a4 Rc4 32.a5 Rc7 33.Ne5 f6 34.Nc6 Kg6 35.Rb6  1-0

[Event "FSGM August"]
[Site "Budapest HUN"]
[Date "2010.08.16"]
[Round "10"]
[White "Genov,Peta"]
[Black "Eid,Fa"]
[Result "1/2-1/2"]
[WhiteElo "2442"]
[BlackElo "2385"]

1.c4 b6 2.Nc3 Bb7 3.Nf3 Nf6 4.g3 Bxf3 5.exf3 c5 6.d4 cxd4 7.Qxd4 Nc6 8.Qd2 e6
9.b3 Be7 10.Bg2 O-O 11.O-O Rc8 12.Bb2 Qc7 13.Rfd1 Rfd8 14.Ne4 d5 15.Nxf6+ Bxf6  1/2-1/2

[Event "6th Geller Memorial Open A"]
[Site "Odessa UKR"]
[Date "2010.08.26"]
[Round "6"]
[White "Kurayan,R"]
[Black "Ivanov,VA UKR"]
[Result "1-0"]
[WhiteElo "2310"]
[BlackElo "2084"]

1.c4 b6 2.Nc3 c5 3.a3 Bb7 4.b4 e6 5.bxc5 Bxc5 6.e3 Nf6 7.Nf3 O-O 8.d4 Be7
9.d5 exd5 10.cxd5 d6 11.Be2 Nbd7 12.O-O Nc5 13.Bb2 Re8 14.Nd4 Nxd5 15.Nxd5 Bxd5
16.Bb5 Bf6 17.Bxe8 Qxe8 18.Qe2 Na4 19.Rfe1 Nxb2 20.Qxb2 Qe4 21.f3 Qg6 22.e4 Bc4
23.Rad1 b5 24.Qb4 Bh4 25.Nf5 Bd8 26.Qxd6 Bb6+ 27.Kh1 Qxd6 28.Rxd6 Bc5 29.Rc6 Bxa3
30.Ra1 Bb4 31.Raa6 Rd8 32.h4 Rd1+ 33.Kh2 g6 34.Rc8+ Bf8 35.Ne3 Rc1 36.h5 gxh5
37.Rxa7 Re1 38.Nxc4 bxc4 39.Raa8 c3 40.Rxf8+ Kg7 41.Rfc8  1-0

[Event "9th Georgiev-Kesarovski Mem"]
[Site "Sunny Beach BUL"]
[Date "2010.09.02"]
[Round "6"]
[White "Valev,V"]
[Black "Randjelovic,B"]
[Result "1/2-1/2"]
[WhiteElo "1911"]
[BlackElo "2222"]

1.c4 b6 2.Nf3 Bb7 3.d4 e6 4.Nc3 Bb4 5.e3 f5 6.Bd3 Nf6 7.Bd2 O-O 8.a3 Bxc3
9.Bxc3 Ne4 10.Qc2 d5 11.Bd2 Nd7 12.b4 c5 13.O-O Rc8 14.Qb3 Ba8 15.Rfd1 g5
16.Qa2 g4 17.Bxe4 fxe4 18.Ne5 Nxe5 19.dxe5 Qh4 20.Be1 Rcd8 21.f4 Qh6 22.bxc5 bxc5
23.Qe2 d4 24.Qxg4+ Qg6 25.Qxg6+ hxg6 26.Bh4 Rd7 27.Bf2 d3 28.Rab1 Bc6 29.Be1 Ba4
30.Rd2 Kh7 31.h4 Rc7 32.Rdb2 Bc2 33.Rb7 Rff7 34.Rxc7 Rxc7 35.Rb5 Kh6 36.Kh2 Ba4
37.Rb8 Bc6 38.g4 Kg7 39.Rb2 Rb7 40.Rxb7+ Bxb7 41.a4 Kh6 42.Kg3 Ba6 43.a5 Bxc4
44.Bc3 Bb3 45.Bd2 a6 46.Bc3 Bd1 47.g5+ Kg7 48.Kf2 Kf7 49.Ke1 Be2 50.Bb2 Ke8
51.Ba3 c4 52.Kd2  1/2-1/2

[Event "e2e4 Open"]
[Site "Sunningdale ENG"]
[Date "2010.09.12"]
[Round "5"]
[White "Thomassen,T"]
[Black "Tart,P"]
[Result "0-1"]
[WhiteElo "2020"]
[BlackElo "2078"]

1.c4 b6 2.d4 e6 3.a3 Bb7 4.Nc3 f5 5.d5 Nf6 6.g3 Be7 7.Bg2 e5 8.Nf3 d6 9.O-O O-O
10.Qc2 Bc8 11.b4 a5 12.Rb1 Ne8 13.Nxe5 dxe5 14.d6 Ra6 15.dxe7 Qxe7 16.Nd5 Qf7
17.b5 Ra7 18.c5 Be6 19.Rd1 e4 20.Nf4 Nd7 21.cxb6 cxb6 22.Qc6 Ba2 23.Ra1 Rc7
24.Rxd7 Rxd7 25.Be3 Rd6 26.Qc3 Nf6 27.Bd4 Nd5 28.Nxd5 Bxd5 29.Qe3 Qe6 30.Rc1 Qd7
31.Bh3 Qxb5 32.Qf4 Qd7 33.Be5 Rc6 34.Rd1 Qe6 35.Bd4 Bb3 36.Re1 h6 37.Qe3 Qg6
38.Qxb3+ Kh8 39.e3 Rfc8 40.Qd5 Rf8 41.Bg2 Rd6 42.Qb7 Rc6 43.Rd1 Rf7 44.Qb8+ Kh7
45.Be5 Qe6 46.g4 Re7 47.Ba1 Qb3 48.Qd8 Qxa3 49.gxf5 Rc1 50.Bxg7 Rxg7 51.f6 Qa1  0-1

[Event "OIS"]
[Site "Munich GER"]
[Date "2010.09.25"]
[Round "1"]
[White "Eisfeld,K"]
[Black "Wohl,A"]
[Result "0-1"]
[WhiteElo "2040"]
[BlackElo "2398"]

1.c4 b6 2.Nf3 Bb7 3.e3 e6 4.d4 f5 5.Nc3 Bb4 6.Bd2 Nf6 7.Be2 O-O 8.O-O d6
9.a3 Bxc3 10.Bxc3 Ne4 11.Qc2 Nd7 12.Nd2 Qg5 13.f4 Qh6 14.Bf3 Ndf6 15.Nxe4 Nxe4
16.Rad1 Rae8 17.d5 Nxc3 18.Qxc3 e5 19.g3 Re7 20.Rde1 g5 21.fxe5 Rxe5 22.e4 f4
23.Bg2 Bc8 24.Rf2 Re7 25.e5 dxe5 26.Rxe5 Rxe5 27.Qxe5 Qg7 28.Qxg7+ Kxg7 29.gxf4 Rxf4
30.Rxf4 gxf4 31.Kf2 Kf6 32.Kf3 Ke5 33.Bf1 Bf5 34.Be2 h5 35.Kf2 Bg4 36.Bf1 Kd4
37.b4 Bd1  0-1

[Event "21st Open"]
[Site "Goch GER"]
[Date "2010.10.03"]
[Round "6.4"]
[White "Harff,M"]
[Black "Mueller,Marku1"]
[Result "1/2-1/2"]
[WhiteElo "2162"]
[BlackElo "2163"]

1.c4 b6 2.d4 e6 3.Nf3 Bb7 4.g3 Bxf3 5.exf3 c5 6.d5 exd5 7.cxd5 g6 8.Nc3 Bg7
9.Bf4 Bxc3+ 10.bxc3 Kf8 11.Bd6+ Kg7 12.f4 Nf6 13.c4 Re8+ 14.Be2 Ne4 15.Be5+ f6
16.Bb2 Qe7 17.Kf1 Na6 18.Bf3 Nb4 19.a3 Na6 20.Kg2 Nd6 21.Rc1 Nc7 22.g4 Kg8
23.h4 Rf8 24.Qd3 b5 25.Rhe1 bxc4 26.Rxe7 cxd3 27.Rxd7 Rab8 28.Ba1 Nce8 29.Bc3 Rf7
30.Rxf7 Kxf7 31.Kf1 Rb3  1/2-1/2